Reading difficulties and dyslexia : (Record no. 4120)
[ view plain ]
| 000 -LEADER | |
|---|---|
| fixed length control field | 00647cam a22002172 4500 |
| 001 - CONTROL NUMBER | |
| control field | 0000020488 |
| 005 - DATE AND TIME OF LATEST TRANSACTION | |
| control field | 20151217145924.0 |
| 008 - FIXED-LENGTH DATA ELEMENTS--GENERAL INFORMATION | |
| fixed length control field | 110920s xx 000 0 eng d |
| 020 ## - INTERNATIONAL STANDARD BOOK NUMBER | |
| International Standard Book Number | 8178298955 : |
| 040 ## - CATALOGING SOURCE | |
| Original cataloging agency | KABU |
| Transcribing agency | KABU |
| 100 1# - MAIN ENTRY--PERSONAL NAME | |
| Personal name | Das, J, P. |
| -- | 0000180916 |
| 245 10 - TITLE STATEMENT | |
| Title | Reading difficulties and dyslexia : |
| Remainder of title | an interpretation for teachers / |
| Statement of responsibility, etc. | J.P. Das. |
| 250 ## - EDITION STATEMENT | |
| Edition statement | 1st ed. |
| 260 ## - PUBLICATION, DISTRIBUTION, ETC. (IMPRINT) | |
| Place of publication, distribution, etc. | London : |
| Name of publisher, distributor, etc. | Sage, |
| Date of publication, distribution, etc. | 2009. |
| 300 ## - PHYSICAL DESCRIPTION | |
| Extent | xvii, 199 p. |
| 650 #0 - SUBJECT ADDED ENTRY--TOPICAL TERM | |
| Topical term or geographic name as entry element | Reading |
| General subdivision | Remedial teaching. |
| -- | 0000157215 |
| 650 #0 - SUBJECT ADDED ENTRY--TOPICAL TERM | |
| Topical term or geographic name as entry element | Dyslexia. |
| -- | 0000180917 |
| 852 1# - LOCATION | |
| -- | p2129.5 |
| 908 ## - PUT COMMAND PARAMETER (RLIN) | |
| Put command parameter | 110920 |
| 950 ## - LOCAL HOLDINGS (RLIN) | |
| -- | 1 |
| Withdrawn status | Lost status | Source of classification or shelving scheme | Not for loan | Home library | Current library | Date acquired | Total Checkouts | Full call number | Barcode | Date last seen | Date last checked out | Price effective from | Koha item type |
|---|---|---|---|---|---|---|---|---|---|---|---|---|---|
| Library of Congress Classification | Kabarak, Main Campus | Kabarak, Main Campus | 17/12/2015 | 1 | LB1050.5 .D37 2009 c.1 | 19387 | 08/07/2022 | 22/06/2022 | 17/12/2015 | General Collection |